Elements that don't end in -ium - Statistics

General Stats
  • This quiz has been taken 22 times
  • The average score is 27 of 39
Answer Stats
Answer % Correct
Hydrogen
93%
Carbon
86%
Gold
86%
Neon
86%
Oxygen
86%
Silver
86%
Xenon
86%
Argon
79%
Chlorine
79%
Copper
79%
Iron
79%
Lead
79%
Manganese
79%
Mercury
79%
Tin
79%
Arsenic
71%
Boron
71%
Bromine
71%
Cobalt
71%
Fluorine
71%
Iodine
71%
Nickel
71%
Nitrogen
71%
Radon
71%
Tungsten
71%
Zinc
71%
Krypton
64%
Silicon
64%
Antimony
57%
Oganesson
57%
Phosphorus
57%
Sulfur
57%
Tennessine
57%
Bismuth
50%
Platinum
50%
Astatine
43%
Tantalum
43%
Lanthanum
36%
Molybdenum
36%
No matching quizzes found
Score Distribution
Percent of People with Each Score
Percentile by Number Answered
Your Score History
You have not taken this quiz